Adler
| Titel: | Adler : Vom Herrschaftszeichen zum nationalen Symbol / Damien Thiriet |
|---|---|
| Verfasser: | |
| Beteiligt: | |
| In: |
Deutsch-polnische Erinnerungsorte ; 2. Geteilt, gemeinsam, (2014), Seite 405-425 alle Artikel anzeigen |
| Veröffentlicht: | 2014 |
| Umfang: | Illustrationen |
| Format: | Aufsatz |
| Sprache: | Deutsch |
X
alg: 41767769
001A $03025:10-10-17
001B $03025:11-10-17 $t12:00:48.000
001C $03025:10-10-17 $t15:55:09.000
001D $03025:10-10-17
001U $0utf8
001X $00
002@ $0Aou
002C $aText $btxt $2rdacontent
002D $aohne Hilfsmittel zu benutzen $bn $2rdamedia
002E $aBand $bnc $2rdacarrier
003@ $0417677693
007A $0417677693 $aHEB
010@ $ager
010E $erda
011@ $a2014
021A $aAdler $dVom Herrschaftszeichen zum nationalen Symbol $hDamien Thiriet
028A $BVerfasser $4aut $71141256878 $8Thiriet, Damien [Tp3] $9417694008
028C $BÜbersetzer $4trl $7 $8Such, Isabella [Tnd] $9154391085
031A $h405-425 $j2014
034M $aIllustrationen
039B $aEnthalten in $8--Afu--. Deutsch-polnische Erinnerungsorte ; 2. Geteilt, gemeinsam. - Paderborn {[u.a.] : Schöningh, 2014. - 732 S.. - Ill.. - ISBN 978-3-506-77339-5 $x201400000000000595 $9299792242
044K $RKongresspolen $RWestgalizien $#Generalgouvernement Polen $#Polska $#Rzeczpospolita Polska $#Polska Rzeczpospolita Ludowa $#Poland $#Pologne $#République Polonaise $#Generalne Gubernatorstwo w Polsce $#Polish People's Republic $#Polska Rzeczpospolita Polen $#PRL $#RP $#Polen Generalgouvernement $#Polska Generalgouvernement $#Besetzte Polnische Gebiete $#Besetztes Gebiet in Polen $#Okupowane Polskie Obszary $#Obszary Okupowane w Polsce $#Volksrepublik Polen $#Polska Rosyjska $#Republic Polen $#Respublika Pol'ša $#Pol'skaja Narodnaja Respublika $#République de Pologne $#Polen Links der Weichsel $#Polska po Lewej Stronie Wisły $#Lenkija $#Polija $#Gubernija Carstva Pol'skago $#Republik Polen $74046496-9 $8Polen [Tg1] $9085129801
044K $RDeutsches Sprachgebiet $RDeutschland $RDeutschland $#Deutsche Länder $#Germany Deutschland $#Heiliges Römisches Reich $#Rheinbund $#Deutscher Bund $#Norddeutscher Bund $#Deutsches Reich $#Deutschland Gebiet unter Alliierter Besatzung $#Deutschland Bundesrepublik, 1990- $#BRD 1990- $#Federal Republic of Germany Deutschland $#Republic of Germany Deutschland $#Allemagne Deutschland $#Ǧumhūrīyat Almāniyā al-Ittiḥādīya $#Bundesrepublik Deutschland 1990- $#BRD $#Niemcy $#République Fédérale d'Allemagne Deutschland $#Repubblica Federale di Germania Deutschland $#Germanija $#Federativnaja Respublika Germanija $#FRG $#Deyizhi-Lianbang-Gongheguo $74011882-4 $8Deutschland [Tg1] $9085025550
044K $RHabichtartige $#Eagles $#Aquila $#Aigles $#Aquila (oiseaux) $#Aquile $#Águilas $#eagles $#Aquila $#Echter Adler $#Eagle $74141431-7 $8Adler [Ts1] $908554695X
044K $RWappen $74402789-8 $8Wappentier [Ts1] $908854124X
045R $aGeschichte 900-2000
lok: 41767769 78
exp: 41767769 78 1 #EPN
201B/01 $010-10-17 $t15:43:51.000
201C/01 $010-10-17
201U/01 $0utf8
203@/01 $01008304891
208@/01 $a10-10-17 $be
209A/01 $a/ $f000 $x00
209A/01 $ab*p $x01
220C/01 $apgar
244Z/01 $#Generalgouvernement Polen $#Polska $#Rzeczpospolita Polska $#Polska Rzeczpospolita Ludowa $#Poland $#Pologne $#République Polonaise $#Generalne Gubernatorstwo w Polsce $#Polish People's Republic $#Polska Rzeczpospolita Polen $#PRL $#RP $#Polen Generalgouvernement $#Polska Generalgouvernement $#Besetzte Polnische Gebiete $#Besetztes Gebiet in Polen $#Okupowane Polskie Obszary $#Obszary Okupowane w Polsce $#Volksrepublik Polen $#Polska Rosyjska $#Republic Polen $#Respublika Pol'ša $#Pol'skaja Narodnaja Respublika $#République de Pologne $#Polen Links der Weichsel $#Polska po Lewej Stronie Wisły $#Lenkija $#Polija $#Gubernija Carstva Pol'skago $#Republik Polen $74046496-9 $8--Tg1--Polen $x01 $9085129801
247C/01 $82080>Marburg/Lahn, Herder-Institut, Forschungsbibliothek, Bibliographieportal $9336309341
| LEADER | 00000caa a2200000 c 4500 | ||
|---|---|---|---|
| 001 | 417677693 | ||
| 003 | DE-603 | ||
| 005 | 20171011120048.0 | ||
| 007 | tu | ||
| 008 | 171010s2014 xx |||| | u00||u|ger c | ||
| 035 | |a (DE-599)HEB417677693 | ||
| 040 | |a DE-603 |b ger |c DE-603 |d DE-603 |e rda | ||
| 041 | |a ger | ||
| 100 | 1 | |a Thiriet, Damien |e Verfasser |4 aut |0 (DE-603)417694008 |0 (DE-588)1141256878 |2 gnd | |
| 245 | 0 | 0 | |a Adler |b Vom Herrschaftszeichen zum nationalen Symbol |c Damien Thiriet |
| 264 | 0 | |c 2014 | |
| 300 | |b Illustrationen | ||
| 336 | |a Text |b txt |2 rdacontent | ||
| 337 | |a ohne Hilfsmittel zu benutzen |b n |2 rdamedia | ||
| 338 | |a Band |b nc |2 rdacarrier | ||
| 648 | 7 | |a Geschichte 900-2000 |2 gnd | |
| 650 | 7 | |a Adler |0 (DE-588)4141431-7 |0 (DE-603)08554695X |2 gnd | |
| 650 | 7 | |a Wappentier |0 (DE-588)4402789-8 |0 (DE-603)08854124X |2 gnd | |
| 651 | 7 | |a Polen |0 (DE-588)4046496-9 |0 (DE-603)085129801 |2 gnd | |
| 651 | 7 | |a Deutschland |0 (DE-588)4011882-4 |0 (DE-603)085025550 |2 gnd | |
| 700 | 1 | |a Such, Isabella |e Übersetzer |4 trl |0 (DE-603)154391085 | |
| 773 | 0 | 8 | |i Enthalten in |t Deutsch-polnische Erinnerungsorte ; 2. Geteilt, gemeinsam |d Paderborn [u.a.] : Schöningh, 2014 |h 732 S., Ill. |z 9783506773395 |g (2014), Seite 405-425 |w (DE-603)299792242 |
| 924 | 0 | |9 2080 |a (DE-603)1008304891 |b DE-2080 |c HES |d d |g / | |


